Investment analysis for real estate decisions (Record no. 105513)

MARC details
000 -LEADER
fixed length control field 01176cam a2200265 4500
001 - CONTROL NUMBER
control field ##L133960
008 - FIXED-LENGTH DATA ELEMENTS--GENERAL INFORMATION
fixed length control field 060623n2006 000 0 eng u
020 ## - INTERNATIONAL STANDARD BOOK NUMBER
International Standard Book Number 1419515314
035 ## - SYSTEM CONTROL NUMBER
System control number (Sirsi) u133960
041 0# - LANGUAGE CODE
Language code of text/sound track or separate title eng
050 04 - LIBRARY OF CONGRESS CALL NUMBER
Classification number 332.63240973 $2 18
100 1# - MAIN ENTRY--PERSONAL NAME
Personal name Kolbe, Phillip T.
245 00 - TITLE STATEMENT
Title Investment analysis for real estate decisions
250 ## - EDITION STATEMENT
Edition statement 6th ed.
260 ## - PUBLICATION, DISTRIBUTION, ETC.
Place of publication, distribution, etc. Chicago
Name of publisher, distributor, etc. Dearborn Real Estate Education
Date of publication, distribution, etc. 2006
300 ## - PHYSICAL DESCRIPTION
Extent xxii, 504p.
Other physical details ill.
Dimensions 24cm.
Accompanying material 1 CD-ROM
350 ## - PRICE (NR) (BK AM CF MU VM SE) [OBSOLETE]
Price 48
505 2# - FORMATTED CONTENTS NOTE
Formatted contents note Fundamental issues in real estate investment analysis -- Market research and cash-flow forecasting -- Using borrowed money -- Income tax considerations -- Measuring investment performance -- The risk element -- The investment analysis process illustrated -- Real estate as a security -- Appendices
520 ## - SUMMARY, ETC.
Summary, etc. Discusses issues related to real estate investment analysis. Includes lists of recommended reading and a case problem at the end of each part. Also includes a student workbook CD-ROM.
590 ## - LOCAL NOTE (RLIN)
Local note IKA050906
651 #4 - SUBJECT ADDED ENTRY--GEOGRAPHIC NAME
Geographic name UNITED STATES
690 ## - LOCAL SUBJECT ADDED ENTRY--TOPICAL TERM (OCLC, RLIN)
Topical term or geographic name as entry element PROPERTY-PROPERTY FINANCE AND INVESTMENT
700 1# - ADDED ENTRY--PERSONAL NAME
Personal name Greer, Gaylon E.
942 ## - ADDED ENTRY ELEMENTS (KOHA)
Suppress in OPAC 0
Holdings
Withdrawn status Lost status Source of classification or shelving scheme Damaged status Not for loan Home library Current library Shelving location Date acquired Cost, normal purchase price Total Checkouts Full call number Barcode Date last seen Date last checked out Copy number Cost, replacement price Price effective from Koha item type
    Dewey Decimal Classification     London London Books 04/09/2006 48.00 22 332.63240973 KOL 30073214 06/08/2019 13/10/2009 1 48.00 06/08/2019 Book